Lost Media Quiz - 1 - Statistics

General Stats
  • This quiz has been taken 44 times
  • The average score is 4 of 10
Answer Stats
Hint Answer % Correct
What notoriously bad film had its original form stolen? Foodfight!
56%
What anime first spoken about on a 4Chan thread probably doesn't exist? Saki Sanobashi/Go For A Punch
56%
Who, supposedly, wrote an alternate theme song for Ren and Stimpy? Kurt Cobain
50%
What is the title of The Backyardigans' pilot? Me and My Friends
50%
What character from a formerly lost short has become the unofficial mascot of the Lost Media community? Clockman
42%
What show's lost episode did Adult Swim air in 2015? Dexter's Laboratory
39%
What is the name of the lost Green Day album? Cigarettes and Valentines
33%
What is the world's first animated feature film? El Apóstol
22%
What lost game may have been a copyright trap or a placeholder? Yeah Yeah Beebiss 1
22%
What short became lost due to its unintentional drug references? Crack Master
14%
No matching quizzes found
Score Distribution
Percent of People with Each Score
Percentile by Number Answered
Your Score History
You have not taken this quiz